000 00386nam a22001577a 4500
020 _a817920701-3
082 _a823
_bSHA/G
100 _aSHANTI
245 _aGRANDMA'S TALES
_bCHILDRENS STORY
246 _aGRANDMA'S TALES
_bCHILDRENS STORY
260 _aDELHI
_bSHANTI PUBLICATIONS
300 _a24
520 _aCHILDRENS SHORT STORY
650 _aCHILDRENS SHORT STORY
942 _cBK
999 _c2282
_d2282